Democracy, Inc (Record no. 235210)
[ view plain ]
| 000 -LEADER | |
|---|---|
| fixed length control field | 01452nam a2200373Ia 4500 |
| 082 04 - DEWEY DECIMAL CLASSIFICATION NUMBER | |
| Classification number | 343.7309/98 |
| 100 1# - MAIN ENTRY--AUTHOR NAME | |
| Personal name | Allen, David S., |
| 245 10 - TITLE STATEMENT | |
| Title | Democracy, Inc |
| 260 ## - PUBLICATION, DISTRIBUTION, ETC. (IMPRINT) | |
| Place of publication | Urbana : |
| Name of publisher | University of Illinois Press, |
| Year of publication | c2005. |
| 300 ## - PHYSICAL DESCRIPTION | |
| Number of Pages | xi, 200 p. |
| 490 1# - SERIES STATEMENT | |
| Series statement | The history of communication |
| 650 #0 - SUBJECT ADDED ENTRY--TOPICAL TERM | |
| Topical Term | Press law |
| Topical Term | Corporate state |
| Topical Term | Democracy |
| 856 40 - ELECTRONIC LOCATION AND ACCESS | |
| Uniform Resource Identifier | http://site.ebrary.com/lib/rucke/Doc?id=10533445 |
No items available.
